Electrochemical properties enhancement of spinel lithium nickel manganese oxide by secondary heat treatment and assistant phase formation /

Wedi'i Gadw mewn:
Manylion Llyfryddiaeth
Prif Awdur: Mai Thanh Tung.
Awduron Eraill: Do Xuan Giang.
Fformat: Erthygl
Iaith:Vietnamese
Pynciau:
Tagiau: Ychwanegu Tag
Dim Tagiau, Byddwch y cyntaf i dagio'r cofnod hwn!
Thư viện lưu trữ: Thư viện Trường Đại học Đà Lạt
LEADER 00907nam a2200301 4500
001 DLU180184665
005 ##20150504
040 # # |a DLU  |b vie 
041 # # |a vie 
044 # # |a vn 
100 # # |a Mai Thanh Tung. 
245 # # |a Electrochemical properties enhancement of spinel lithium nickel manganese oxide by secondary heat treatment and assistant phase formation /  |c Mai Thanh Tung, Do Xuan Giang. 
653 # # |a Cathode materials 
653 # # |a Energy 
653 # # |a Lithium-ion batteries 
653 # # |a Spinel 
653 # # |a XRD analysis 
700 # # |a Do Xuan Giang. 
773 # # |t Hóa học  |g Số 2, 2015, tr. 174-177 
920 # # |a Phòng Tạp chí -- Trung tâm Thông tin - Thư viện Trường Đại học Đà Lạt 
994 # # |a DLU 
900 # # |a True 
911 # # |a Hoàng Thị Huyền 
925 # # |a G 
926 # # |a A 
927 # # |a BB 
980 # # |a Thư viện Trường Đại học Đà Lạt